| Tag |
First Indicator |
Second Indicator |
Subfields |
| LEADER |
00000pam a2200000 4500 |
| 001 |
in00000217513 |
| 005 |
20151009080245.0 |
| 008 |
730307s1973 njua bs 00010 eng d |
| 010 |
|
|
|a 73004306
|
| 020 |
|
|
|a 0131693913
|c $13.95
|
| 035 |
|
|
|a (OCoLC)00600985
|
| 035 |
|
|
|9 AAZ5009AM
|
| 040 |
|
|
|a DLC
|c DLC
|d TXA
|d UtOrBLW
|
| 049 |
|
|
|a TXAM
|c [1335263]
|
| 050 |
0 |
0 |
|a HB801
|b .W275
|
| 082 |
0 |
|
|a 658.8/34
|
| 100 |
1 |
|
|a Ward, Scott,
|d 1942-
|
| 245 |
1 |
0 |
|a Consumer behavior: theoretical sources /
|c edited by Scott Ward [and] Thomas S. Robertson.
|
| 264 |
|
1 |
|a Englewood Cliffs, N.J. :
|b Prentice-Hall,
|c [1973]
|
| 300 |
|
|
|a xv, 576 pages :
|b illustrations ;
|c 24 cm.
|
| 336 |
|
|
|a text
|b txt
|2 rdacontent
|
| 337 |
|
|
|a unmediated
|b n
|2 rdamedia
|
| 338 |
|
|
|a volume
|b nc
|2 rdacarrier
|
| 504 |
|
|
|a Includes bibliographies.
|
| 650 |
|
0 |
|a Consumers.
|
| 650 |
|
0 |
|a Consumption (Economics)
|
| 700 |
1 |
|
|a Robertson, Thomas S.
|
| 999 |
|
|
|a MARS
|
| 999 |
f |
f |
|s 1c4c3350-d03b-33a2-80da-400a41d53eac
|i 9afbbce9-8eac-306d-a4cc-a57f28288107
|t 0
|
| 952 |
f |
f |
|p ric
|a Texas A&M University
|b Rellis Campus
|c Joint Library Facility
|d Remote Storage
|t 0
|e HB801 .W275
|h Library of Congress classification
|i unmediated -- volume
|m A14802547916
|
| 998 |
f |
f |
|a HB801 .W275
|t 0
|l Remote Storage
|